[Event "EY Boys U14 2012"]
[Site "Prague CZE"]
[Date "2012.08.19"]
[Round "3.9"]
[White "Paravyan,D"]
[Black "Snihur,P"]
[Result "1-0"]
[WhiteElo "2271"]
[BlackElo "2038"]

1.d4 Nf6 2.c4 e6 3.Nf3 Bb4+ 4.Bd2 Qe7 5.Nc3 O-O 6.g3 Nc6 7.Bg2 Bxc3 8.Bxc3 Ne4
9.Qc2 Nxc3 10.Qxc3 d6 11.d5 Nd8 12.O-O e5 13.e4 f5 14.exf5 Bxf5 15.Rae1 Nf7
16.Re3 Qd7 17.c5 Bh3 18.Rc1 Bxg2 19.Kxg2 Rac8 20.c6 bxc6 21.Qxc6 Qf5 22.Qc2 Qf6
23.Qe2 Nh6 24.Rec3 Qf7 25.Qe4 Qe7 26.Nd4 Rf7 27.Ne6 c5 28.b4 Qf6 29.f3 g5
30.bxc5 g4 31.cxd6 Qxf3+ 32.Rxf3 gxf3+ 33.Qxf3 Rxc1 34.d7 Rc2+ 35.Kh3 Rxf3
36.d8=Q+ Kf7 37.Qf8+ Kg6 38.Qxf3  1-0

[Event "2nd Split Open 2012"]
[Site "Split CRO"]
[Date "2012.08.19"]
[Round "9.28"]
[White "Bleuzen,E"]
[Black "Muskardin,M"]
[Result "1/2-1/2"]
[WhiteElo "1986"]
[BlackElo "2211"]

1.d4 Nf6 2.Nf3 e6 3.c4 Bb4+ 4.Bd2 Qe7 5.a3 Bxd2+ 6.Nbxd2 O-O 7.e3 d6 8.Bd3 e5
9.Qc2 Re8 10.dxe5 dxe5 11.Ne4 Nbd7 12.O-O  1/2-1/2

[Event "EY Girls U16 2012"]
[Site "Prague CZE"]
[Date "2012.08.20"]
[Round "4.9"]
[White "Kiseleva,A"]
[Black "Nicolas Zapata,I"]
[Result "0-1"]
[WhiteElo "1937"]
[BlackElo "2197"]

1.d4 Nf6 2.Nf3 e6 3.c4 Bb4+ 4.Bd2 Qe7 5.e3 Nc6 6.Nc3 d6 7.d5 Bxc3 8.Bxc3 Nb8
9.dxe6 Bxe6 10.Qc2 Nc6 11.Be2 O-O-O 12.b4 d5 13.b5 Nb8 14.O-O dxc4 15.Bd4 Nd5
16.Bxc4 Qa3 17.Rfc1 c6 18.Rab1 f6 19.e4 Nc7 20.bxc6 Nxc6 21.Bxe6+ Nxe6 22.Be3 Qa6
23.e5 Rhe8 24.exf6 gxf6 25.Qxh7 Rd7 26.Qc2 Kb8 27.h3 Ka8 28.Qc4 Rd1+ 29.Kh2 Qxc4  0-1

[Event "12th ch-Euro Seniors"]
[Site "Kaunas LTU"]
[Date "2012.08.23"]
[Round "6.8"]
[White "Kaunas,K"]
[Black "Hecht,HJ"]
[Result "1-0"]
[WhiteElo "2255"]
[BlackElo "2357"]

1.d4 e6 2.c4 Nf6 3.Nf3 Bb4+ 4.Bd2 Qe7 5.Nc3 O-O 6.Rc1 d6 7.e3 Nbd7 8.Be2 b6
9.O-O c5 10.dxc5 bxc5 11.a3 Bxc3 12.Bxc3 Bb7 13.Nd2 e5 14.b4 Ne4 15.Nxe4 Bxe4
16.Qd2 Rad8 17.Rfd1 Nb6 18.f3 Bf5 19.e4 Be6 20.Ba1 Rd7 21.b5 f5 22.f4 fxe4
23.fxe5 dxe5 24.Qe3 Bf5 25.Rxd7 Nxd7 26.a4 Nf6 27.h3 Bc8 28.Rd1 Qc7 29.Bc3 Rf7
30.a5 h6 31.a6 Bf5 32.Rf1 Be6 33.Be1 Qd6 34.Bf2 Qd4 35.Rd1 Qxe3 36.Bxe3 Nd7
37.Rd6 Re7 38.Rc6 Kf7 39.Rc7  1-0

[Event "EY Boys U18 2012"]
[Site "Prague CZE"]
[Date "2012.08.23"]
[Round "7.27"]
[White "Altini,N"]
[Black "Romanov,St"]
[Result "1-0"]
[WhiteElo "2379"]
[BlackElo "2115"]

1.d4 Nf6 2.c4 e6 3.Nf3 Bb4+ 4.Bd2 Qe7 5.g3 b6 6.Bg2 Bb7 7.O-O O-O 8.Bg5 h6
9.Bxf6 Qxf6 10.a3 Be7 11.Nc3 d6 12.e4 Nd7 13.e5 Qg6 14.Nh4 Bxh4 15.Bxb7 dxe5
16.Bxa8 Rxa8 17.dxe5 Nxe5 18.Qe2 Bf6 19.Rad1 c5 20.Ne4 Nc6 21.Qf3 Rc8 22.Nd6 Rc7
23.Nb5 Rc8 24.Nxa7 Nxa7 25.Qb7 Bd4 26.Qxa7 Rd8 27.Rxd4 Rxd4 28.Qxb6 Rxc4
29.Qb5 Rc2 30.a4 c4 31.a5 Qf6 32.a6 Qxb2 33.Qe8+ Kh7 34.a7 Rxf2 35.Rxf2 Qb1+
36.Rf1 Qb6+ 37.Kg2 Qxa7  1-0

[Event "24th Schlosspark Open"]
[Site "Wiesbaden GER"]
[Date "2012.08.23"]
[Round "1.16"]
[White "Marzec,Witold"]
[Black "Minor,S"]
[Result "0-1"]
[WhiteElo "1846"]
[BlackElo "2222"]

1.d4 Nf6 2.c4 e6 3.Nf3 Bb4+ 4.Bd2 Qe7 5.a3 Bxd2+ 6.Nbxd2 d6 7.e4 e5 8.dxe5 dxe5
9.Be2 O-O 10.O-O a5 11.Qc2 Nbd7 12.Rfe1 a4 13.Nb1 Nc5 14.Nc3 c6 15.Nd2 Re8
16.b4 axb3 17.Nxb3 Nfd7 18.a4 Ne6 19.Bf1 Ndc5 20.Nxc5 Nxc5 21.Red1 Bg4 22.f3 Be6
23.Kh1 h6 24.Qb2 Qc7 25.Ra2 Ra5 26.Qb4 Rea8 27.Rb1 Qd8 28.Raa1 Qd4 29.Rd1 Qe3
30.Re1 Qf2 31.Re2 Qd4 32.Ree1 Qd2 33.Rad1 Qf4 34.Ra1 h5 35.Red1 Qf6 36.Rd6 Qe7
37.Rd2 h4 38.h3 Qg5 39.Rdd1 Kh7 40.Kh2 Qe3 41.Kh1 Qf2 42.Ra2 Qe3 43.Raa1 Kg6
44.Re1 Qf2 45.Red1 Qe3 46.Re1 Qg5 47.Red1 Qe7 48.Kh2 f6 49.Kh1 Kf7 50.Rdb1 Bc8
51.Qb6 g5 52.Rd1 Ne6 53.Rdb1 Qc5 54.Qb2 R8a7 55.Ra3 Nd4 56.Raa1 Be6 57.Qb6 Qxb6
58.Rxb6 Bc8 59.Rab1 Ne6 60.Rd1 Ke7 61.Kh2 Nc5 62.Rb2 Be6 63.Rdb1 Kd6 64.Nb5+ cxb5
65.Rd1+ Ke7 66.axb5 b6 67.Rbd2 Ra1 68.Rxa1 Rxa1 69.Be2 Nb3 70.Rc2 Kd6  0-1

[Event "III Sarkany-Aranytiz GM"]
[Site "Budapest HUN"]
[Date "2012.08.24"]
[Round "7.5"]
[White "Illner,A"]
[Black "Gonda,L"]
[Result "1/2-1/2"]
[WhiteElo "2463"]
[BlackElo "2547"]

1.d4 Nf6 2.Nf3 e6 3.c4 Bb4+ 4.Bd2 c5 5.Bxb4 cxb4 6.Qd3 O-O 7.e4 d6 8.Nbd2 Nfd7
9.Be2 e5 10.O-O Nc6 11.Rfd1 exd4 12.Nxd4 Nc5 13.Qe3 Re8 14.Nb5 a6 15.Nxd6 Qxd6
16.Nb3 Qf6 17.Nxc5 Qxb2 18.Na4 Qe5 19.Nb6 Rb8 20.f3 f5 21.c5 fxe4 22.Nc4 Qc3
23.Qxc3 bxc3 24.Rac1 Be6 25.fxe4 Red8 26.Rxd8+ Rxd8 27.Rxc3 Rd4 28.Nd6 Rd2
29.Bc4 Bxc4 30.Nxc4  1/2-1/2

[Event "ZMDI Open A 2012"]
[Site "Dresden GER"]
[Date "2012.08.24"]
[Round "7"]
[White "Prohaszka,P2"]
[Black "Hertneck,G"]
[Result "1-0"]
[WhiteElo "2563"]
[BlackElo "2521"]

1.d4 Nf6 2.c4 e6 3.Nf3 Bb4+ 4.Bd2 c5 5.Bxb4 cxb4 6.e3 O-O 7.a3 bxa3 8.Rxa3 d6
9.Nc3 Nc6 10.Be2 e5 11.O-O b6 12.Qb1 exd4 13.exd4 d5 14.cxd5 Nxd5 15.Nxd5 Qxd5
16.Bd3 g6 17.Be4 Qd6 18.Qc1 Bb7 19.Qh6 Qf6 20.Ne5 Nxe5 21.Bxb7 Ng4 22.Qh3 Rab8
23.Bf3 h5 24.Bxg4 hxg4 25.Qxg4 Rbd8 26.Rd1 Rd5 27.Rxa7 Rfd8 28.g3 Rxd4 29.Rxd4 Qxd4
30.Qxd4 Rxd4 31.Re7 Rd2 32.b3 Rb2 33.Re3 Kg7 34.g4 Kh6 35.Kg2 g5 36.Rd3 f6
37.Kg3 Kg6 38.h3 Kf7 39.Re3 Rd2 40.f3 Rd4 41.Re4 Rd5 42.Rb4 b5 43.h4 gxh4+
44.Kxh4 Kg6 45.Kg3 Kg5 46.Rf4 Kg6 47.Re4 Rd3 48.Rb4 Rd5 49.Kf4 f5 50.gxf5+ Rxf5+
51.Ke4 Kf6 52.Rd4 Re5+ 53.Kd3 Rf5 54.f4 Rc5 55.Rd6+ Ke7 56.Rb6 Kd7 57.Kd4 Rf5
58.Ke4 Rh5 59.f5 Rh4+ 60.Ke5 Rb4 61.Rd6+ Ke7 62.Rd3 Rh4 63.Rd4 Rh6 64.Rb4 Rb6
65.Rh4 b4 66.f6+ Kf7 67.Rh7+ Kg8 68.Rc7 Ra6 69.Rb7 Ra1 70.Rxb4 Re1+ 71.Kd5 Kf7
72.Rf4  1-0

[Event "EY Boys U16 2012"]
[Site "Prague CZE"]
[Date "2012.08.24"]
[Round "8.22"]
[White "Burcu,C"]
[Black "Mikes,J"]
[Result "0-1"]
[WhiteElo "1992"]
[BlackElo "2125"]

1.d4 Nf6 2.c4 e6 3.Nf3 Bb4+ 4.Bd2 Qe7 5.g3 Bxd2+ 6.Qxd2 Ne4 7.Qc2 f5 8.Bg2 d6
9.O-O O-O 10.Nc3 Nxc3 11.Qxc3 Nd7 12.b4 Nf6 13.Nd2 e5 14.dxe5 dxe5 15.c5 e4
16.Rad1 Be6 17.f3 Nd5 18.Qa3 e3 19.Nc4 f4 20.Rfe1 Qg5 21.Rd4 fxg3 22.h4 Qf6
23.Red1 Nf4 24.Qxe3 Rae8 25.Rxf4 Qxf4 26.Rd4 Qxe3+ 27.Nxe3 Bxa2 28.Nf1 Rxe2
29.Nxg3 Re1+ 30.Kf2 Rb1 31.f4 c6 32.f5 Rb2+ 33.Kg1 Re8 34.f6 gxf6 35.Ne4 Rxg2+  0-1

[Event "EY Girls U18 2012"]
[Site "Prague CZE"]
[Date "2012.08.24"]
[Round "8.25"]
[White "Malikova,Ulviyya"]
[Black "Milicevic,Dajana"]
[Result "0-1"]
[WhiteElo "1810"]
[BlackElo "1684"]

1.d4 Nf6 2.c4 e6 3.Nf3 Bb4+ 4.Bd2 Bxd2+ 5.Nbxd2 O-O 6.e4 d6 7.Be2 c5 8.Qc2 Nc6
9.Nb3 Nb4 10.Qb1 b6 11.a3 Nc6 12.O-O e5 13.d5 Ne7 14.Re1 Ne8 15.Nbd2 f5 16.exf5 Bxf5
17.Bd3 Bxd3 18.Qxd3 Ng6 19.g3 Qf6 20.Kg2 Ne7 21.Ne4 Qh6 22.Qe3 Qxe3 23.fxe3 h6
24.h4 Rd8 25.Rf1 Nf6 26.Nfd2 Nxe4 27.Nxe4 Ng6 28.Rxf8+ Kxf8 29.b4 Ke7 30.b5 Nf8
31.g4 Ra8 32.a4 a5 33.bxa6 Rxa6 34.Nc3 Nd7 35.h5 e4 36.Nxe4 Ne5 37.Nd2 Nxg4
38.Kf3 Nf6 39.Ne4 Nxh5 40.Nc3 Nf6 41.Kf4 Kf7 42.Nb5 Ne8 43.e4 Kf6 44.Nxd6 g5+
45.Ke3 Nxd6 46.Rf1+ Ke5 47.Rh1 Nxc4+ 48.Kd3 Rxa4 49.Rxh6 Nb2+ 50.Kc3 Nd1+
51.Kc2 Rxe4 52.Kxd1 b5 53.Kc2 Kxd5 54.Rg6 Kc4  0-1

[Event "12th World Uni Men"]
[Site "Guimaraes POR"]
[Date "2012.08.25"]
[Round "9.15"]
[White "Fernandez,Mario"]
[Black "Salazar Loor,R"]
[Result "1-0"]
[WhiteElo "2101"]
[BlackElo "2021"]

1.d4 Nf6 2.Nf3 e6 3.c4 Bb4+ 4.Bd2 Qe7 5.g3 Bxd2+ 6.Nbxd2 Nc6 7.Bg2 O-O 8.O-O d6
9.e4 e5 10.d5 Nb8 11.Qc2 a5 12.b3 Na6 13.a3 Bd7 14.Ne1 c6 15.Nd3 cxd5 16.cxd5 Rfc8
17.Qb1 b5 18.Qb2 Qd8 19.Rfc1 Qb6 20.b4 a4 21.h3 h5 22.Ne1 Nh7 23.Nef3 g6
24.Rxc8+ Rxc8 25.Rc1 Qd8 26.Rc3 Rc7 27.Qc2 Qc8 28.Rxc7 Nxc7 29.Kh2 Qd8 30.Bf1 Ne8
31.Bd3 Qf6 32.Qd1 g5 33.Qe2 Nc7 34.Kg2 Qg6 35.Qe3 Be8 36.Nb1 Qf6 37.Nc3 Qd8
38.Qb6 Qd7 39.Nd2 Kg7 40.Nf1 f5 41.exf5 Nf6 42.Ne3 Bf7 43.Bxb5 Ncxd5 44.Bxd7 Nxb6
45.Bc6 Bb3 46.Nf1 d5 47.Nd2 Bc2 48.f3 Bxf5 49.Nxa4 Nxa4 50.Bxa4 Bd3 51.Kf2 d4
52.Bc6 Bf5 53.g4 hxg4 54.hxg4 Bd7 55.Bxd7 Nxd7 56.Ne4 Kg6 57.a4 Kf7 58.Nxg5+ Ke7
59.Ne4 Kd8 60.Ke2 Kc7 61.Kd3 Kc6 62.g5 Nf8 63.f4 exf4 64.Kxd4 Ng6 65.Nf6 f3
66.Ne4 Nf4 67.b5+ Kb6 68.Ke3 f2 69.Nxf2 Ng6 70.Ke4 Ne7 71.Nd1 Kc5 72.Ke5 Ng6+
73.Kf6 Nf4 74.g6 Nd5+ 75.Kf7  1-0

[Event "11th Lichtenberger Sommer 2012"]
[Site "Berlin GER"]
[Date "2012.08.26"]
[Round "9.36"]
[White "Paulsen,D"]
[Black "Hohn,A"]
[Result "1-0"]
[WhiteElo "2374"]
[BlackElo "2004"]

1.d4 Nf6 2.c4 e6 3.Nf3 Bb4+ 4.Bd2 Be7 5.Nc3 d5 6.cxd5 exd5 7.Bg5 c6 8.Qc2 Nbd7
9.e3 O-O 10.Bd3 Re8 11.h3 c5 12.Bb5 cxd4 13.Nxd4 a6 14.Ba4 Ne4 15.Bxe7 Qxe7
16.Nxd5 Qe5 17.Nc7 Nxf2 18.O-O Nxh3+ 19.gxh3 Qg3+ 20.Qg2 Qxc7 21.Nf5 g6 22.Rad1 Kh8
23.Nd6 Rxe3 24.Nxf7+ Kg7 25.Nd6 Ne5 26.Ne8+  1-0

[Event "e2e4 Hinckley Open 2012"]
[Site "Hinckley ENG"]
[Date "2012.08.26"]
[Round "5.19"]
[White "Gibson,Ch"]
[Black "Hughes,Ro"]
[Result "1/2-1/2"]
[WhiteElo "1990"]
[BlackElo "1982"]

1.d4 Nf6 2.c4 e6 3.Nf3 Bb4+ 4.Bd2 Qe7 5.g3 b6 6.Nc3 Bb7 7.Bg2 O-O 8.Rc1 Bxc3
9.Bxc3 d6 10.O-O Nbd7 11.b4 e5 12.dxe5 Nxe5 13.Nxe5 Bxg2 14.Kxg2 dxe5 15.Qb3 c5
16.bxc5 Qxc5 17.Kg1 Rfe8 18.Bb4 Qc6 19.c5 b5 20.Rfd1 a5 21.Bd2 h6 22.Bxh6 a4
23.Qb1 Qe6 24.Bg5 Nh7 25.Be3 Qh3 26.Qe4 Nf6 27.Qg2 Qe6 28.c6 b4 29.c7 e4
30.Bc5 Nd5 31.Rxd5 Qxd5 32.Bxb4 Qe6 33.a3 Rec8 34.g4 Qe5 35.Rc5 Qd4 36.e3 Qd1+
37.Qf1 Qxg4+ 38.Qg2 Qd1+ 39.Qf1 Qd7 40.Qg2 Ra6 41.Rg5 Qd1+ 42.Qf1 Qxf1+ 43.Kxf1 Rxc7
44.Re5 Rc4 45.Ke2 Rxb4 46.axb4 a3 47.b5 a2 48.bxa6 a1=Q 49.Rxe4 Qxa6+ 50.Kf3 Qc6
51.Kf4 Qh6+ 52.Kg3 f5 53.Rd4 Qg5+ 54.Kf3 Qf6 55.h4 g6 56.Kg3 Kg7 57.Kf3 Qc6+
58.Kg3 Qh1 59.Rf4 Qg1+ 60.Kf3 Qh2 61.Rd4 Qh3+ 62.Ke2 Kf6 63.Rf4 Ke5 64.Rd4 Qh1
65.Rf4 Qd5 66.Kf1 Qd1+ 67.Kg2 Qh5 68.Kg3 g5 69.hxg5 Qxg5+ 70.Kf3 Qg1 71.Ke2 Qh1
72.Rd4 Qh5+ 73.Kf1 Qf3 74.Kg1 Qh3 75.Rf4 Kf6 76.Rd4 Ke6 77.Rf4 Ke5 78.Rd4 Qh6
79.Kg2 Qc6+ 80.Kg1 Qc3 81.Rf4 Qd2 82.Kg2 Qd1 83.Kg3 Qe2 84.Kg2 Qd1 85.Kg3 Qh1
86.Rd4 Qg1+  1/2-1/2

[Event "19th Graz Open 2012"]
[Site "Graz AUT"]
[Date "2012.08.27"]
[Round "3.2"]
[White "Hera,I"]
[Black "Krumpacnik,D"]
[Result "1-0"]
[WhiteElo "2568"]
[BlackElo "2365"]

1.d4 Nf6 2.c4 e6 3.Nf3 Bb4+ 4.Bd2 Qe7 5.g3 O-O 6.Bg2 d5 7.Qc2 Rd8 8.O-O Nc6
9.Rd1 a5 10.Bg5 dxc4 11.a3 Bd6 12.Nbd2 h6 13.Bh4 Nxd4 14.Nxd4 g5 15.Bxg5 hxg5
16.Nxc4 a4 17.Nb5 Bc5 18.Rxd8+ Qxd8 19.Rd1 Qe7 20.Qd2 Ne8 21.Qd8 Kf8 22.Qd3 c6
23.Nc3 Nf6 24.Qd2 e5 25.h4 Bxf2+ 26.Kxf2 Qc5+ 27.Kf1 Qxc4 28.Qd6+ Kg7 29.Qxe5 Qe6
30.Qxg5+ Kf8 31.Qc5+ Kg7 32.Qg5+ Kf8 33.Rd8+ Ke7 34.Rh8 b6 35.Ne4 Ra5 36.Qxf6+ Qxf6+
37.Nxf6 Be6 38.Ne4 Rb5 39.Nc3 Rxb2 40.Bxc6 Rc2 41.Nd5+ Kd6 42.Nb4 Rc3 43.Rd8+  1-0

[Event "40th Olympiad Open"]
[Site "Istanbul TUR"]
[Date "2012.08.28"]
[Round "1.76"]
[White "Georgiev,Ki"]
[Black "Meshkov,Y"]
[Result "1-0"]
[WhiteElo "2682"]
[BlackElo "2390"]

1.d4 Nf6 2.Nf3 e6 3.c4 Bb4+ 4.Bd2 c5 5.Bxb4 cxb4 6.g3 O-O 7.Bg2 b6 8.Ne5 d5
9.cxd5 exd5 10.O-O a5 11.Nd2 Ra7 12.Qb3 Qd6 13.a3 Na6 14.Rfc1 Bd7 15.Qd3 Nc7
16.Nxd7 Nxd7 17.Rc2 bxa3 18.bxa3 Ne6 19.Rac1 Rc7 20.Rxc7 Nxc7 21.e4 Nb8 22.exd5 Ne8
23.Rc8 Nd7 24.Nc4 Qe7 25.Qe3 Qxe3 26.fxe3 Nef6 27.Rxf8+ Kxf8 28.e4 a4 29.Nd6 Ne8
30.Nb5 f6 31.d6 g6 32.Bh3 f5 33.e5 Ng7 34.Bg2 Ne6 35.Bc6 Nxd4 36.Nxd4 Nxe5
37.Bxa4  1-0

[Event "40th Olympiad Open"]
[Site "Istanbul TUR"]
[Date "2012.08.28"]
[Round "1.4"]
[White "Takyrbashev,B"]
[Black "Balogh,C"]
[Result "0-1"]
[WhiteElo "2195"]
[BlackElo "2668"]

1.d4 Nf6 2.c4 e6 3.Nf3 Bb4+ 4.Bd2 c5 5.Bxb4 cxb4 6.Nbd2 O-O 7.g3 d6 8.Bg2 Nc6
9.O-O e5 10.d5 Nb8 11.a3 Na6 12.Qb3 bxa3 13.Rxa3 Nd7 14.Qc3 Qb6 15.Rb3 Qc7
16.Ra3 f5 17.Rfa1 Nf6 18.Nxe5 dxe5 19.d6 Qb8 20.Qxe5 Re8 21.Qd4 Rxe2 22.Rb3 Nc5
23.Rb5 b6 24.Bxa8 Qxa8 25.Rxb6 Ne6 26.d7 Bxd7 27.Qd6 Kf7 28.Kf1 Rxd2 29.Qxd2 Qh1+
30.Ke2 Qe4+ 31.Kd1 axb6 32.Ra7 Nd4  0-1

[Event "40th Olympiad Open"]
[Site "Istanbul TUR"]
[Date "2012.08.28"]
[Round "1.35"]
[White "Zerafa,R"]
[Black "Labib,I"]
[Result "0-1"]
[WhiteElo "2068"]
[BlackElo "2429"]

1.d4 Nf6 2.c4 e6 3.Nf3 Bb4+ 4.Bd2 a5 5.g3 d6 6.Bg2 Nbd7 7.O-O e5 8.e3 Bxd2
9.Nfxd2 O-O 10.Nc3 c6 11.Nde4 Qe7 12.dxe5 dxe5 13.Qd6 Qxd6 14.Nxd6 Nc5 15.Nxc8 Rfxc8
16.Rfd1 Kf8 17.Kf1 Ke7 18.Ke2 Ra6 19.b3 Rb6 20.Rab1 Ra8 21.Rd2 g6 22.h3 Ra7
23.g4 Rb4 24.Rdb2 a4 25.Nxa4 Nxa4 26.bxa4 Rxb2+ 27.Rxb2 Kd6 28.a5 Kc7 29.Kd3 Rxa5
30.g5 Nd7 31.h4 Ra3+ 32.Ke4 Nc5+ 33.Kf3 Nd3 34.Rd2 Ne1+ 35.Kg3 Nxg2 36.Kxg2 Rc3
37.Kg3 Rxc4 38.f3 b5 39.Rh2 Ra4 40.e4 c5 41.h5 c4 42.hxg6 hxg6  0-1

[Event "40th Olympiad Open"]
[Site "Istanbul TUR"]
[Date "2012.08.28"]
[Round "1.2"]
[White "Eljanov,P"]
[Black "Hussein,AH"]
[Result "1-0"]
[WhiteElo "2693"]
[BlackElo "2329"]

1.d4 Nf6 2.c4 e6 3.Nf3 Bb4+ 4.Bd2 Bxd2+ 5.Qxd2 O-O 6.g3 d6 7.Bg2 Nc6 8.Nc3 e5
9.O-O Qe7 10.Nd5 Qd8 11.Rfd1 Re8 12.dxe5 dxe5 13.Qc3 Nxd5 14.cxd5 Nd4 15.Nxd4 exd4
16.Qc4 b5 17.Qxd4 Qd6 18.e3 Bd7 19.Rac1 a5 20.Rc5 Rac8 21.Rdc1 g5 22.Qc3 b4
23.Qd4 h6 24.Rxa5 Ra8 25.Qc5 Qe5 26.Rxa8 Rxa8 27.Qxb4 Rxa2 28.Qc3 Qg7 29.e4 Qxc3
30.bxc3 g4 31.c4 f6 32.c5 Kf8 33.Re1 c6 34.dxc6 Bxc6 35.e5 Bxg2 36.Kxg2 Rc2
37.exf6 Kf7 38.Re4 Kxf6 39.Rxg4 Rxc5 40.h4 Kf7 41.Rf4+ Kg6 42.g4 Ra5 43.Kg3 Rb5
44.Re4 Ra5 45.Re6+ Kg7 46.h5 Rb5 47.Re7+ Kf8 48.Rh7 Rb6 49.f3 Ra6 50.Rd7 Kg8
51.Kf4 Ra5 52.Ke4 Ra4+ 53.Ke5 Ra1 54.f4 Ra5+ 55.Rd5 Ra7 56.Ke6 Ra4 57.Kf5 Ra7
58.g5 Ra6 59.Rd8+ Kg7 60.Rd7+ Kg8 61.g6  1-0

[Event "37th Trade Fair Open A"]
[Site "Brno CZE"]
[Date "2012.08.29"]
[Round "5"]
[White "Strebkovs,A"]
[Black "Bernasek,J"]
[Result "0-1"]
[WhiteElo "2345"]
[BlackElo "2487"]

1.d4 Nf6 2.c4 e6 3.Nf3 Bb4+ 4.Bd2 c5 5.e3 O-O 6.a3 Bxd2+ 7.Nbxd2 b6 8.Be2 Bb7
9.O-O d6 10.b4 Nbd7 11.Qb3 Qc7 12.Qb2 Rfe8 13.Nb3 a5 14.Nbd2 e5 15.bxc5 bxc5
16.d5 e4 17.Ne1 Ba6 18.Bd1 Ne5 19.Rc1 Rab8 20.Qc3 Rb7 21.Ba4 Reb8 22.f3 Rb2
23.Rf2 exf3 24.gxf3 Qd8 25.Bb3 R2xb3 26.Nxb3 Bxc4 27.Nxa5 Bxd5 28.Rb2 Ra8
29.e4 Be6 30.Nb7 Qe7 31.Rd1 Nc4 32.Rb3 h6 33.Ng2 Ra7 34.Rdb1 Nd2 35.Qxd2 Bxb3
36.Nxd6 c4 37.Nf5 Qxa3 38.Qd8+ Kh7 39.Qb6 Qa6 40.Qd4 Rd7 41.Qc5 g6 42.Nd4 Qa2
43.Rf1 Qd2 44.Nb5 Kg7 45.Qe5 Qg5 46.Qxg5 hxg5 47.Rc1 Nh5 48.Nc3 Rd3 49.Ne1 Rd2
50.Ng2 Nf4 51.Nxf4 gxf4 52.Nd5 g5 53.h4 gxh4 54.Nxf4 Kf6 55.Nd5+ Ke5 56.Ne3 Kd4
57.Nf5+ Kd3 58.Nxh4 Rd1+ 59.Rxd1+ Bxd1  0-1

[Event "19th Graz Open 2012"]
[Site "Graz AUT"]
[Date "2012.08.29"]
[Round "5.2"]
[White "Farago,I"]
[Black "Zorko,Ju"]
[Result "1/2-1/2"]
[WhiteElo "2491"]
[BlackElo "2476"]

1.d4 Nf6 2.c4 e6 3.Nf3 Bb4+ 4.Bd2 Bxd2+ 5.Qxd2 O-O 6.g3 d5 7.Bg2 Qe7 8.O-O Rd8
9.Qc2 c5 10.cxd5 cxd4 11.Nxd4  1/2-1/2

[Event "40th Olympiad Open"]
[Site "Istanbul TUR"]
[Date "2012.08.29"]
[Round "2.20"]
[White "Blagojevic,Dr"]
[Black "Winants,L"]
[Result "1/2-1/2"]
[WhiteElo "2514"]
[BlackElo "2543"]

1.d4 Nf6 2.c4 e6 3.Nf3 Bb4+ 4.Bd2 a5 5.g3 d5 6.Qc2 c5 7.cxd5 cxd4 8.Nxd4 O-O
9.Bg2 Qb6 10.e3 exd5 11.O-O Nc6 12.Nxc6 bxc6 13.Rc1 Bd7 14.Nc3 Qa7 15.Na4 Rfb8
16.Bc3 Bxc3 17.Qxc3 Rb4 18.b3 h5 19.Nc5 Bf5 20.Rd1 h4 21.Nd3 Bxd3 22.Rxd3 Qb7
23.Rc1 hxg3 24.hxg3 Rb6 25.Rd4 a4 26.Rxa4 Rxa4 27.bxa4 Qa8 28.a5 Ra6 29.Rb1 Rxa5
30.Qe5 Rb5 31.Rxb5  1/2-1/2

[Event "40th Olympiad Open"]
[Site "Istanbul TUR"]
[Date "2012.08.29"]
[Round "2.22"]
[White "Pelletier,Y"]
[Black "Galego,L"]
[Result "1-0"]
[WhiteElo "2595"]
[BlackElo "2495"]

1.d4 Nf6 2.c4 e6 3.Nf3 Bb4+ 4.Bd2 Qe7 5.g3 Bxd2+ 6.Qxd2 d5 7.Qc2 Nc6 8.Nbd2 O-O
9.Bg2 Rd8 10.Rd1 dxc4 11.Nxc4 Qb4+ 12.Kf1 Bd7 13.a3 Qb5 14.Nfe5 Be8 15.Bxc6 Bxc6
16.f3 Bd5 17.b4 Rac8 18.Kf2 b6 19.Rd2 Ne8 20.Rc1 f6 21.Nd3 Bxc4 22.Qxc4 Qxc4
23.Rxc4 Kf7 24.e3 Rd7 25.Ke2 Rcd8 26.Rc3 g5 27.g4 Ra8 28.a4 a5 29.b5 Rad8
30.Rd1 h6 31.Rh1 Kg7 32.h4 Rd6 33.f4 gxf4 34.Nxf4 e5 35.dxe5 fxe5 36.Nh5+ Kg6
37.Rc2 R8d7 38.Rf1 Rd3 39.Rf8 Ng7 40.Rc6+ R3d6 41.Rf6+ Rxf6 42.Nxf6 Rd6 43.Rxd6 cxd6
44.Nd5 Ne6 45.Nxb6 Nc5 46.Nc4 Nxa4 47.b6 Nc5 48.Nxa5  1-0

[Event "40th Olympiad Open"]
[Site "Istanbul TUR"]
[Date "2012.08.29"]
[Round "2.76"]
[White "Warner,De"]
[Black "Mueller,Oli"]
[Result "1-0"]
[WhiteElo "2204"]
[BlackElo "2265"]

1.d4 Nf6 2.c4 e6 3.Nf3 Bb4+ 4.Bd2 Qe7 5.g3 Nc6 6.Bg2 Ne4 7.O-O Nxd2 8.Nbxd2 Bxd2
9.Qxd2 d6 10.b4 e5 11.e3 O-O 12.Qc3 Re8 13.b5 Nb8 14.Rfd1 Nd7 15.a4 Nf6 16.h3 h6
17.Nd2 e4 18.Nb3 Nh7 19.Kh2 Ng5 20.Nd2 Qf6 21.Rf1 Qf5 22.g4 Qf6 23.f4 exf3
24.Nxf3 Ne4 25.Qd3 Qe7 26.Rae1 f5 27.gxf5 Bxf5 28.Ne5 Qh4 29.Rxf5 Qg3+ 30.Kg1 Qxe1+
31.Rf1 Qg3 32.Rf3 Qg5 33.Nf7 Qe7 34.Rf4 Nf6 35.Nxh6+ gxh6 36.Qg6+ Qg7 37.Rxf6 Qxg6
38.Rxg6+ Kh7 39.Rg3 Rg8 40.Rf3 Rg7 41.Kh2 Re8 42.a5 b6 43.axb6 axb6 44.Bf1 Rge7
45.Bd3+ Kh8 46.e4 Ra8 47.Kg3 Rg7+ 48.Kh4 Kg8 49.c5 Ra4 50.cxb6 cxb6 51.Kh5 Rxd4
52.Kxh6 Rf7 53.Rg3+ Kf8 54.Bc2 d5 55.Bb3 Rxe4 56.Bxd5 Rf6+ 57.Kg5 Ref4 58.Be4 Rf2
59.h4 R6f4 60.Re3 Rf7 61.h5 Rg7+ 62.Bg6 Rg2+ 63.Kh6 R7xg6+ 64.hxg6 Rh2+ 65.Kg5 Rg2+
66.Kf6 Rf2+ 67.Ke6 Kg7 68.Kd6 Rc2 69.Re7+ Kxg6 70.Rc7 Rb2 71.Kc6 Kf6 72.Rd7 Ke6
73.Rd1 Ke7 74.Kxb6 Rb3 75.Kc6 Rc3+ 76.Kb7 Rb3 77.b6 Rb2 78.Kc7 Rc2+ 79.Kb8 Rb2
80.b7 Rb3 81.Ra1  1-0

[Event "World Youth U16 Olympiad 2012"]
[Site "Istanbul TUR"]
[Date "2012.08.30"]
[Round "2.5"]
[White "Javanbakht,N"]
[Black "Beradze,I"]
[Result "1/2-1/2"]
[WhiteElo "2385"]
[BlackElo "2331"]

1.d4 Nf6 2.c4 e6 3.Nf3 Bb4+ 4.Bd2 Qe7 5.Nc3 O-O 6.g3 d5 7.Bg2 dxc4 8.a3 Bxc3
9.Bxc3 Nbd7 10.Ne5 Nxe5 11.Bb4 c5 12.Bxc5 Qc7 13.Bxf8 Nc6 14.Bb4 Nxb4 15.axb4 Bd7
16.Ra5 Qb6 17.Qd2 Bc6 18.O-O Bxg2 19.Kxg2 Rd8 20.e3 a6 21.Rc1 Ne4 22.Qc2 Nd6
23.Qc3 h6 24.b3 Qc6+ 25.f3 b5 26.Rca1 Ra8 27.e4 f5 28.e5 Nb7 29.R5a2 Kh7
30.bxc4 bxc4 31.Rc2 Rc8 32.Qa3 Ra8 33.Qa2 c3 34.Qa3 Rc8 35.Qxa6 Qd5 36.Rac1 Rc4
37.b5 Rxd4 38.Qc6 Rd2+ 39.Kh3 Rxc2 40.Rxc2 Qd3 41.Qxc3 Qf1+ 42.Rg2 Nd8 43.g4 Nf7
44.gxf5 exf5 45.b6 Ng5+ 46.Kg3 f4+ 47.Kxf4 Qxg2 48.Qd3+ Kh8 49.Qd8+ Kh7 50.Qd3+ Kh8
51.Qd8+ Kh7  1/2-1/2

[Event "40th Olympiad Open"]
[Site "Istanbul TUR"]
[Date "2012.08.30"]
[Round "3.35"]
[White "Zerafa,R"]
[Black "Nguyen Van Huy"]
[Result "0-1"]
[WhiteElo "2068"]
[BlackElo "2506"]

1.d4 Nf6 2.c4 e6 3.Nf3 Bb4+ 4.Bd2 Qe7 5.g3 Nc6 6.Bg2 Bxd2+ 7.Nbxd2 d6 8.e4 e5
9.d5 Nb8 10.O-O a5 11.Ne1 O-O 12.Nd3 Na6 13.a3 Bg4 14.f3 Bd7 15.b4 c6 16.Re1 axb4
17.axb4 cxd5 18.exd5 Bf5 19.Ne4 Bxe4 20.fxe4 Qc7 21.Qb3 Rfc8 22.Rac1 Qb6+
23.Kh1 Nc5 24.Nxc5 dxc5 25.Rb1 Ra7 26.Rec1 Qd6 27.bxc5 Qxc5 28.Qb6 Nd7 29.Qxc5 Nxc5
30.Ra1 Rxa1 31.Rxa1 Kf8 32.Ra3 Ke7 33.Kg1 h5 34.h3 Rh8 35.Kf2 Rh6 36.Ra5 Kd6
37.Rb5 Rh8 38.Ra5 Rc8 39.Ra3 Nd7 40.Bf1 Nc5 41.Ke3 Rh8 42.Ra5 g6 43.Bg2 Nd7
44.Kd3 f5 45.Kc3 h4 46.Kb4 Rc8 47.Ra3 Nc5 48.exf5 gxf5 49.Rf3 Rf8 50.Kc3 Ne4+
51.Kb4 Nc5 52.Re3 e4 53.gxh4 Rg8 54.Bf1 f4 55.Re1 Rg1 56.Kc3 e3 57.Kd4 e2
58.Rxe2 Rxf1 59.Rg2 Rd1+  0-1

[Event "40th Olympiad Open"]
[Site "Istanbul TUR"]
[Date "2012.08.31"]
[Round "4.12"]
[White "Markus,Rob"]
[Black "Dizdarevic,E"]
[Result "1-0"]
[WhiteElo "2599"]
[BlackElo "2499"]

1.d4 e6 2.Nf3 Nf6 3.c4 Bb4+ 4.Bd2 Qe7 5.g3 Nc6 6.Nc3 b6 7.Bg2 Bb7 8.O-O O-O
9.Rc1 Na5 10.Nb1 Bxd2 11.Qxd2 d6 12.b4 Nc6 13.d5 Nb8 14.Nd4 Kh8 15.Nc3 a5
16.a3 Nbd7 17.f4 Ng8 18.Ncb5 Ndf6 19.e4 axb4 20.axb4 exd5 21.cxd5 Nxe4 22.Qe3 Ngf6
23.Rxc7 Nxd5 24.Rxb7 Nxe3 25.Rxe7 Nxf1 26.Bxe4 Ra1 27.Kg2 Ne3+ 28.Kh3 g6
29.Nxd6 Rd1 30.N4b5 Nd5 31.Nxf7+ Kg8 32.Bxd5 Rxd5 33.Nbd6 Rh5+ 34.Kg2 Ra8
35.h4 Rd5 36.Nh6+ Kh8  1-0

[Event "40th Olympiad Open"]
[Site "Istanbul TUR"]
[Date "2012.08.31"]
[Round "4.26"]
[White "Bachmann,Ax"]
[Black "Lupulescu,C"]
[Result "1-0"]
[WhiteElo "2533"]
[BlackElo "2614"]

1.d4 Nf6 2.c4 e6 3.Nf3 Bb4+ 4.Bd2 Bxd2+ 5.Qxd2 O-O 6.g3 d5 7.Bg2 c6 8.O-O b6
9.Rc1 Bb7 10.a4 a5 11.cxd5 exd5 12.Ne5 Re8 13.f4 Qd6 14.Nc3 Nbd7 15.Rc2 Rad8
16.e3 c5 17.Rd1 Qb8 18.Qe2 cxd4 19.exd4 Nf8 20.Qb5 Qd6 21.Qb3 Ne6 22.Nb5 Qe7
23.Rdc1 Ba8 24.Bh3 Rf8 25.Bxe6 Qxe6 26.Nc7 Qf5 27.Qxb6 Qe4 28.Nb5 Qe3+ 29.Kf1 Ne4
30.Kg2 f6 31.Qe6+ Kh8 32.Nf7+ Rxf7 33.Qxf7 Nd2 34.Qh5 g6 35.Qd1 Nb3 36.Qe1 Qe4+
37.Qxe4 dxe4 38.Rc8 e3+ 39.Kg1  1-0

[Event "FSGM Sept 2012"]
[Site "Budapest HUN"]
[Date "2012.09.01"]
[Round "1.4"]
[White "Johansson,Ja SWE"]
[Black "Kantor,G"]
[Result "1-0"]
[WhiteElo "2410"]
[BlackElo "2310"]

1.d4 Nf6 2.Nf3 e6 3.c4 Bb4+ 4.Bd2 Qe7 5.Nc3 Bxc3 6.Bxc3 Ne4 7.Rc1 O-O 8.e3 Nxc3
9.Rxc3 d6 10.Be2 e5 11.O-O a5 12.c5 Bg4 13.Rb3 e4 14.Nd2 Bxe2 15.Qxe2 dxc5
16.Rxb7 cxd4 17.exd4 Nc6 18.Qc4 e3 19.Nf3 exf2+ 20.Rxf2 Qd6 21.Ng5 Nxd4 22.Rxc7 Ne6
23.Rcxf7 Rxf7 24.Nxf7 Qd1+ 25.Rf1 Qd4+ 26.Qxd4 Nxd4 27.Nd6 Rd8 28.Nc4 Rd5
29.Re1 Rc5 30.b3 Nc6 31.Re8+ Kf7 32.Rc8 a4 33.Rxc6  1-0

[Event "FSIM Sept 2012"]
[Site "Budapest HUN"]
[Date "2012.09.01"]
[Round "1.6"]
[White "Szeberenyi,A"]
[Black "Galyas,M"]
[Result "1/2-1/2"]
[WhiteElo "2354"]
[BlackElo "2429"]

1.Nf3 Nf6 2.c4 e6 3.d4 Bb4+ 4.Bd2 Qe7 5.Nc3 Nc6 6.e3 d6 7.Be2 O-O 8.O-O Bxc3
9.Bxc3 Ne4 10.Rc1 Nxc3 11.Rxc3 e5 12.d5 Nb8 13.b4 a5 14.a3 Na6 15.Qb3 Bg4
16.Rfc1 Bxf3 17.Bxf3 b6  1/2-1/2